[Event "EU-chT (Men) 15th"]
[Site "Gothenburg"]
[Date "2005.08.07"]
[Round "9.1"]
[White "Johannessen, Leif Erlend"]
[Black "Kortschnoj, Viktor Lvovich"]
[Result "1-0"]
[WhiteElo "2543"]
[BlackElo "2615"]
[Annotator "Gershon,A"]
[PlyCount "73"]
[EventDate "2005.07.30"]
[EventType "team-swiss"]
[EventRounds "9"]
[EventCountry "SWE"]
[SourceTitle "CBM 109"]
[Source "ChessBase"]
[SourceDate "2005.11.14"]
[SourceVersion "1"]
[SourceVersionDate "2005.11.14"]
[SourceQuality "1"]
[WhiteTeam "Norway"]
[BlackTeam "Switzerland"]
[WhiteTeamCountry "NOR"]
[BlackTeamCountry "SUI"]

1. d4 e6 2. c4 Nf6 3. Nf3 Bb4+ 4. Nbd2 b6 5. a3 Bxd2+ 6. Qxd2 Bb7 7. e3 a5 {
black is willing to give up a tempo for this restraining move. However,
practice shows that a tempo is more significant here.} 8. b3 d6 9. Be2 Nbd7 10.
Bb2 O-O 11. O-O Qe7 12. Rfd1 ({Sokolov won a nice game against Macieja with} 
12. Qc2 {- you can find the game annotated as well in this magazine (CBM109).})
12... Ne4 $6 {this plan is inefficient here: black simply has no time to
develop initiative on the kingside} (12... Rfd8 {is more in the spirit of the
position} 13. b4 (13. Rac1 c5 14. a4 Rac8 15. Qe1 Nf8 16. Nd2 Ng6 17. f3 e5 {
1/2-1/2 Georgiev,K-Hracek,Z/Plovdiv 2003/CBM 98 no vc (43)}) 13... axb4 14.
axb4 Qe8 15. Qc2 Rxa1 16. Bxa1 Ra8 17. Nd2 c5 18. Bc3 Qc8 19. Qb2 h6 {with a
slight edge for white. 1-0 Yakovich,Y-Makarov,M/Elista 2001/CBM 83/[Rabinovich,
Al] (53)}) 13. Qc2 f5 14. d5 {and there's the big difference between main
lines (without a5 and Qe7) and this position: Here white was able to play d5
opening the bishop before black placed his rook on the 6th rank, and he soon
finds himself in an inferior position.} e5 {having the center closed white can
start slowly preparing c5 or f4 or both.} 15. Nd2 Nxd2 16. Rxd2 Bc8 17. f3 {
no hurry. White has a spatial advantage and can slowly build up his play.} Qg5
(17... f4 18. Bd3 g6 19. exf4 Rxf4 20. b4 axb4 21. axb4 Rxa1+ 22. Bxa1 $16) 18.
Qc3 Nc5 (18... f4) 19. Re1 a4 $2 {a miscalculation.} ({better was} 19... Qg6
20. Bd1 Bd7 21. Bc2 $14) 20. b4 Nb3 21. f4 $1 {a strong intermediate move:
After this black's position is strategically lost!} ({after} 21. Rdd1 f4 {
black is fine.}) 21... Qe7 (21... exf4 {is, of course, a suicide.} 22. exf4 Qg6
(22... Qf6 23. Qh3 Qe7 24. Rd3 $18 {[%cal Gd3g3,Yd3e3]}) 23. Bh5 Qh6 24. Re7
$18) 22. Rdd1 e4 {now it's all plain and simple: black is a piece down in play
(Nb3 is a decoration), and white should open the position on the kingside, and
use his extra piece to win the game.} 23. Kh1 Rf6 24. Rg1 Qf7 (24... Rg6 25.
Bh5 Rh6 26. g4 $18) 25. g4 {what can be simpler than that.} fxg4 26. Bxg4 {
black's position is already critical, and nothig can be done.} Bxg4 27. Rxg4
Rg6 28. Rdg1 Re8 29. Qe1 $2 {too deep, and losing a big part of the advantage.}
(29. Rxg6 hxg6 30. Rg5 {followed by f5 would force an immediate resignation.})
29... Rxg4 30. Rxg4 g6 31. Rg5 Kf8 32. h4 h6 $2 {unnecessarily creating
another weakness.} (32... Ke7 $142 33. h5 Kd8 34. hxg6 hxg6 35. Qe2 $16 {
[%cal Ge2g2]}) 33. Rg2 Ke7 34. Qg3 Rg8 35. Qg4 {the king wasn't able to escape
the kingside, black is in zugzwang!} g5 {desparation} (35... Kd8 36. f5 g5 37.
Qxe4) 36. fxg5 hxg5 37. hxg5 1-0

[Event "Reykjavik zt 1.3"]
[Site "Reykjavik"]
[Date "2000.09.11"]
[Round "3.1"]
[White "Gausel, Einar"]
[Black "Hansen, Sune Berg"]
[Result "0-1"]
[WhiteElo "2492"]
[BlackElo "2545"]
[Annotator "Gershon,A"]
[PlyCount "94"]
[EventDate "2000.09.05"]
[EventType "k.o."]
[EventRounds "3"]
[EventCountry "ISL"]
[SourceTitle "CBM 079"]
[Source "ChessBase"]
[SourceDate "2000.11.21"]
[SourceVersion "1"]
[SourceVersionDate "2000.11.21"]
[SourceQuality "1"]

1. d4 Nf6 2. Nf3 e6 3. e3 b6 4. Bd3 Bb7 5. O-O c5 6. c4 g6 7. Nc3 (7. Qe2 Bg7
8. dxc5 bxc5 9. e4 Nc6 10. e5 Ng4 11. Bf4 f6 12. exf6 Qxf6 13. Bg3 Nge5 14.
Nxe5 Nxe5 15. Nc3 Nxd3 16. Qxd3 Qf5 17. Qd6 Bc6 18. Rfe1 Kf7 19. Be5 Rhb8 20.
b3 Bf8 21. Qd2 d6 22. Bf4 Rd8 $15 {0-1 Djuric,S-Nisipeanu,L/Las Vegas 1999/CBM
72 (40)}) (7. d5 b5 8. dxe6 fxe6 9. cxb5 Bg7 10. Qe2 d5 11. Rd1 Nbd7 12. Nc3
O-O 13. e4 Qc7 14. Bg5 Rae8 15. Rac1 Ng4 16. h3 Nge5 17. Nxe5 Nxe5 $44 {
1/2-1/2 Golod,V-Greenfeld,A/Givatayim 1997/CBM 58 ext (25)}) 7... Bg7 8. d5 (8.
e4 cxd4 9. Nxd4 d6 (9... O-O 10. Be3 Nc6 11. Nxc6 Bxc6 12. Bg5 h6 13. Bh4 d6
14. f4 Re8 15. Qe2 Qb8 16. Rae1 Nd7 17. Qd2 a6 18. a4 Qc7 19. Bc2 Bb7 $11 {
1/2-1/2 Ryan,J-Emms,J/Port Erin 1999/CBM 74 no vc (36)}) 10. Be3 O-O 11. f3 a6
12. Qd2 Re8 13. Rfd1 Nbd7 14. Bf1 d5 15. exd5 exd5 16. cxd5 Nxd5 17. Nxd5 Bxd5
18. Bf2 Nf6 19. Rac1 Bb7 20. Rc3 Nd5 21. Rd3 $14 {1/2-1/2 Jussupow,A-Hracek,Z/
Germany 1999/GER-chT (42)}) 8... exd5 9. cxd5 Nxd5 10. Nxd5 Bxd5 11. Bxg6 hxg6
12. Qxd5 Nc6 13. e4 Rh5 (13... Qe7 14. Rb1 (14. Bf4 Qe6 15. Ng5 Qxd5 16. exd5
Ne5 17. Rae1 d6 18. Bxe5 dxe5 19. f4 Rd8 20. fxe5 Rxd5 21. Nxf7 Rf8 22. Nd6+
Ke7 23. Rxf8 Kxf8 24. Rf1+ Kg8 25. Ne8 Bxe5 26. Nf6+ Bxf6 27. Rxf6 Kg7 28. Rf2
Rd1+ {1/2-1/2 Jussupow,A-Adams,M/Dortmund 1998/CBM 66 (28)}) 14... O-O 15. a3
Rfe8 16. Ng5 Nd4 17. Be3 Ne6 18. Nf3 Nc7 19. Qb7 Nb5 20. Rbd1 Qxe4 21. Qxd7 Nd4
$2 22. Bxd4 Red8 23. Qxf7+ $1 Kxf7 24. Ng5+ Kg8 25. Nxe4 $16 {1/2-1/2 Zhukova,
N-Zatonskih,A/Alushta 1999/EXT 2000 (42)}) 14. Bg5 $6 $146 {Pinning his own B
and weakenning the b2 pawn. Doesn't look like there is any reason for black to
panic.} (14. Qd3 Qf6 15. Rb1 Rd8 {1/2-1/2 Novkovic,M-Stocek,J/Presov SVK 2000/
The Week in Chess 302 (15)}) 14... Qc7 15. Rad1 Kf8 {[%cal Gf7f6]} 16. g4 (16.
Qxd7 Qxd7 17. Rxd7 Bxb2 {[%cal Gc5c1] the passed c pawn is very dangerous})
16... Rh8 17. Kg2 $2 (17. Qxd7 Qxd7 18. Rxd7 Rh3 19. Kg2 Rxf3 20. Rd5 Nd4 21.
Rxd4 Bxd4 22. Kxf3 Bxb2 $15) 17... Re8 {[%cal Gc6d4]} 18. h3 Bxb2 19. Rfe1 (19.
Qxd7 Qxd7 20. Rxd7 Rxe4 $19) 19... Kg7 20. Re2 $2 (20. Qxd7 Qxd7 21. Rxd7 c4
$17 {Although black is clearly better here white,at least, sould've eqaulized
the material}) 20... Bd4 21. Rc1 f6 22. Bd2 Be5 {Now black simply has an extra
pawn with no compensation at all.} 23. a4 d6 24. Bc3 g5 {[%csl Gf4,Rh3][%cal
Gc6e7,Ge7g6,Gg6f4] A beatiful dark squared strategy!} 25. Qd3 (25. Nd2 {
[%cal Gd2f1,Gf1e3,Ge3f5]} Ne7 26. Qd3 Ng6 $19) 25... Ne7 26. Bd2 Qc8 (26... Ng6
$19) 27. Nxe5 dxe5 28. Be3 Rd8 29. Qc3 Qa6 {The rest is simple technque...
black has virtually two pawns more} 30. Qc4 Qxc4 31. Rxc4 Nc6 32. Rb2 Rd7 33.
Rc1 Kf7 34. Ra1 Na5 35. Rc1 Rd6 36. Bxc5 {Trying to complicate the matters a
bit. The position is, however, still lost} bxc5 37. Rxc5 Nc6 38. Rb7+ Ke6 39.
Rc7 Nd4 40. Rxa7 Ne2 41. Kh2 Nf4 42. Rc3 Rhd8 43. Rh7 R8d7 44. Rh8 Rd2 45. Rc6+
Kf7 46. Rh7+ Kg6 47. Rxd7 Rxd7 0-1

[Event "Japfa Classic"]
[Site "Bali"]
[Date "2000.04.25"]
[Round "4"]
[White "Ehlvest, Jaan"]
[Black "Gunawan, Ruben"]
[Result "1-0"]
[WhiteElo "2622"]
[BlackElo "2507"]
[Annotator "Gershon,A"]
[PlyCount "74"]
[EventDate "2000.04.22"]
[EventType "tourn"]
[EventRounds "9"]
[EventCountry "INA"]
[EventCategory "16"]
[SourceTitle "CBM 077"]
[Source "ChessBase"]
[SourceDate "2000.07.27"]
[SourceVersion "1"]
[SourceVersionDate "2000.07.27"]
[SourceQuality "1"]

1. Nf3 Nf6 2. c4 b6 3. d4 e6 4. e3 Bb7 5. Bd3 Be7 6. O-O O-O 7. Nc3 d5 8. cxd5
(8. b3 {is another possibility here}) 8... exd5 9. b3 Nbd7 10. Bb2 a6 {[%cal
Ge7d6] Preparing Bd6.Black will later try to get a hold on e4.} (10... c5 11.
Rc1 a6 (11... Ne4 12. Ne2 cxd4 13. Nfxd4 Bf6 14. Nf4 Ndc5 15. Bb5 Rc8 16. b4 a6
17. Be2 Nd7 18. Rxc8 Qxc8 19. Bg4 $14 {1/2-1/2 Zhukova,N-Peptan,C/Vrnjacka
Banja 1999/EXT 2000 (26)}) 12. Bf5 (12. Qe2 b5 13. dxc5 Nxc5 14. Rfd1 Qb6 15.
Nd4 Rfe8 16. Bb1 b4 17. Na4 Nxa4 18. bxa4 g6 19. Qf3 Ne4 $11 {0-1 Gausel,
E-Ostenstad,B/Gausdal 1999/CBM 71 ext (30)}) 12... Re8 13. dxc5 Nxc5 14. Qe2 b5
15. Rfd1 Qa5 16. Qc2 Ne6 17. Ne2 Rac8 18. Qb1 Rxc1 19. Rxc1 h6 $6 20. Bxe6 fxe6
21. Nf4 $16 {[%csl Re6,Rf7,Rg6,Rh7] 1-0 Khalifman,A-Gavrikov,V/Germany 1996/
GER-chT (67)}) (10... Ne4 11. Ne2 Bd6 12. a4 (12. Ng3 Qf6 13. Rc1 Nxg3 14. hxg3
Qh6 15. g4 g6 16. Re1 Rae8 17. Qc2 Re7 18. Rb1 a6 19. Qe2 Nb8 20. Bc1 Qg7 21.
g3 Bc8 22. Nh2 Nc6 $15 {[%csl Rd4] 0-1 Zhukova,N-Murashko,V/Alushta 1999/CBM
70 ext (33)}) 12... Qe7 13. a5 a6 14. Bc2 Bb4 15. axb6 cxb6 16. Nf4 Rfc8 17.
Nd3 Bd6 18. Nfe5 Rc7 19. Nxd7 Rxd7 20. f3 Ng5 21. Qd2 $14 {1-0 Golod,
V-Jagodzinski,A/Berlin 1997/CBM 59 ext (33)}) (10... Re8 11. Rc1 Bf8 12. Qc2 a6
13. Ne5 Bd6 14. f4 c5 15. Bf5 Nf8 16. Na4 g6 17. Nxb6 Qxb6 18. dxc5 Bxc5 19.
Qxc5 Qxc5 20. Rxc5 gxf5 21. Rc7 Bc8 22. Nxf7 $44 {1-0 Budde,V-Gross,D/
Gelsenkirchen 1999/EXT 2000 (33)}) 11. Rc1 Bd6 12. Ne2 {[%csl Gc1][%cal Ge2g3,
Gc1c7] White brings a piece to the king's side, in order to stop black's play
on this side of the board, and play on the Q's side.} Re8 13. Rc2 Ne4 14. Qc1
Rc8 15. Ng3 Ndf6 16. Rd1 g6 (16... c5 $2 {Black cannot let white's dark
squared B get free.} 17. dxc5 {[%cal Gb2g7,Gg3f5]} Bxg3 (17... bxc5 18. Nf5 Bf8
19. Qa1 $36) 18. hxg3 bxc5 19. Qa1 {[%csl Rg7]} Qb6 (19... g6 20. Ng5 Qe7 (
20... Qb6 21. Nxe4 Nxe4 22. Bh8 $16 d4 $140 $2 23. exd4 Kxh8 24. Bxe4 $18 {
[%cal Gd4c5]}) 21. Nxe4 Nxe4 22. Ba3 $16 {Black has no compensation for the
hanging pair of pawns.} (22. Bh8 d4 $19)) 20. Bxe4 Nxe4 21. Bxg7 Qg6 {[%csl
Rc2]} 22. Bb2 Nxg3 23. Rdc1 $16 {[%csl Rg8]}) 17. Ne5 Nxg3 {A bit premature to
my taste.} (17... Qe7 $5 18. Nxe4 dxe4 19. Bc4 Nd5 $13 (19... Bxe5 $2 20. dxe5
Ng4 21. e6 $1 fxe6 22. Rcd2 $40 {[%cal Gc1c3,Gd2d7] with a deadly attack})) 18.
hxg3 Re6 19. Be2 $1 {[%csl Rd5][%cal Ge2f3,Ye5g4]} (19. Ba3 Bxe5 20. dxe5 Rxe5
21. Bb2 Re6 $44 {Although white has compensation for the pawn black has many
things that speak in his favor}) 19... h5 {[%cal Gh5h4]} 20. Bf3 Qe8 $2 (20...
Qf8 $142 {[%csl Ga3]}) (20... Ne4 $5 $132) 21. Ba3 $1 {[%csl Rc7] After this
black is clearly worse.} Qf8 (21... Bxe5 22. dxe5 Rxe5 23. Rxc7 $16 {[%cal
Ga3b2,Gb2h8]}) 22. Bxd6 Qxd6 23. Qb2 {[%cal Gd1c1]} Nd7 (23... c5 24. Nd3 cxd4
25. Rxc8+ Bxc8 26. Qxd4 $16 {[%csl Rd5][%cal Gd3f4]}) 24. Nd3 Re7 25. Rdc1 Nf6
26. b4 $16 {[%csl Ra6,Rb7,Rc7][%cal Ga2a5,Ga2a4,Yb4b5] There are no visible
weaknesses in black's camp but the main one is a very big one: lack of
counetrplay} c6 27. a4 Rce8 28. b5 (28. a5 b5 {would clearly give white an
advantage, but not so clear how to win the position.}) 28... cxb5 29. axb5 axb5
30. Ne5 $1 {[%cal Gc2c6]} (30. Qxb5 Ra8 {[%cal Gb7a6,Ga8a3]} 31. Ne5 {[%cal
Gc2c6]} (31. Rc6 $4 Bxc6 32. Rxc6 Qd7 $17) 31... Re6 32. Rc7 $16) 30... Nd7 31.
Nc6 Re6 (31... Bxc6 32. Rxc6 Qb8 33. Bxd5 {Is hopeless for black}) 32. Na7 {
[%csl Rb5,Rb6,Rd5][%cal Ga7b5,Gb5c7]} Qb8 33. Nxb5 Rd8 34. g4 $1 {opening up
another diagonal} hxg4 35. Bxg4 Rf6 (35... f5 36. Bf3 $18 {[%csl Rg8]}) 36. Qb4
Kg7 $2 {A blunder in a difficult position.} (36... Nf8 37. Qe7 Nh7 38. Rc7 Ba6
39. Bd7 $18) 37. Qe7 Rh8 (37... Rh8 38. Rc7 $18 (38. Bxd7 Qh2+ 39. Kf1 Qh1+ 40.
Ke2 Qxg2 41. Rf1 $18)) 1-0

[Event "Bundesliga 0506"]
[Site "Germany"]
[Date "2006.01.28"]
[Round "8.2"]
[White "Vallejo Pons, Francisco"]
[Black "Nikolic, Predrag"]
[Result "1/2-1/2"]
[WhiteElo "2681"]
[BlackElo "2584"]
[Annotator "Gofshtein,L"]
[PlyCount "65"]
[EventDate "2005.10.21"]
[EventType "team-tourn"]
[EventRounds "15"]
[EventCountry "GER"]
[SourceTitle "CBM 111"]
[Source "ChessBase"]
[SourceDate "2006.04.04"]
[SourceVersion "1"]
[SourceVersionDate "2006.04.04"]
[SourceQuality "1"]
[WhiteTeam "Baden-Baden"]
[BlackTeam "Solingen"]
[WhiteTeamCountry "GER"]
[BlackTeamCountry "GER"]

1. Nf3 Nf6 2. d4 e6 3. c4 Bb4+ 4. Nbd2 b6 5. a3 Bxd2+ 6. Qxd2 O-O 7. e3 Bb7 8.
Be2 d6 9. O-O Nbd7 10. b3 (10. b4 {is a more common move, White plays it
anyway, after 2 moves, so why not now? Here are a few examples of how the game
may continue:} c5 (10... Qe7 11. Bb2 Ne4 12. Qd3 (12. Qc2 c5 13. Nd2 Nef6 14.
dxc5 bxc5 15. Rfd1 Rfd8 16. b5 e5 17. Nf1 {with a small plus for White 1/2-1/2
Huzman,A-Yemelin,V/St Petersburg 1999/CBM 72 (43)} h5 18. f3 Nf8 19. Ng3 g6 20.
Bd3 h4 21. Ne4 h3 22. Nxf6+ Qxf6 23. Be4 Qe7 24. Rd2 $14) 12... f5 13. Nd2 e5
14. f3 Nxd2 15. Qxd2 Rae8 16. Rfe1 Qh4 17. Bf1 {with a small plus for White 1/
2-1/2 Gelfand,B-Pelletier,Y/Cap d'Agde 2002/CBM 092 (57)} Re7 18. a4 exd4 19.
exd4 Rfe8 20. Rxe7 Qxe7 21. a5 Nf6 22. d5 Bc8 23. axb6 axb6 24. Ra7 Rf8 25. Bd4
Qd8 26. Bd3 Bd7 27. Qg5 $16 {1/2-1/2 Gelfand,B-Pelletier,Y/Cap d'Agde 2002/CBM
92 (56)}) 11. Bb2 Qe7 12. Rfd1 (12. dxc5 bxc5 13. bxc5 Nxc5 14. Bxf6 {White
can double the black pawns, but it doesn't lead to any advantage.} gxf6 15. Nd4
Kh8 16. f3 Rg8 17. Rab1 Rg5 {Nepomnishay,M-Loginov,V/St.Petersburg-ch 1996/0-1
(64) with counterplay for Black.}) 12... Rfd8 13. bxc5 (13. Rac1 Rac8 14. Ba1
Nf8 15. a4 Ng6 16. a5 Ne4 17. Qb2 cxb4 18. Qxb4 d5 19. Qxe7 Nxe7 20. axb6 axb6
{is equal 1/2-1/2 Oll,L-Kholmov,R/URS-FL56 Klaipeda 1988}) 13... dxc5 14. Qc3
Rac8 15. Qb3 cxd4 $1 {Gershon} (15... Nf8 16. a4 Ng6 17. a5 cxd4 18. Nxd4 Qc5
19. Qb5 {and White got a stable plus 0-1 Gelfand,B-Balashov,Y/Tallinn 2005/CBM
105/(38)}) 16. Nxd4 Nc5 17. Qb4 e5 18. Nb5 Bc6 $13) 10... Qe7 11. Bb2 c5 {
Black can also put the knight on e4 at once, and support it with f7-f5.} (11...
Ne4 12. Qc2 c5 13. Nd2 f5 14. Nxe4 fxe4 {with counterplay 1-0 Sargissian,
G-Bagheri,A/Abu Dhabi 2003/CBM 097 (51)}) 12. Rfd1 Rfd8 13. b4 {Now White got
the same position as he could have get, had he played 10.b4 (see the above
mentioned Gelfand-Balashov or Oll-Kholmov, for example) but with a loss of a
tempo (now it's Black to move). Black thinks that it's a good moment to open
the centre.} d5 {Another plan was to establish the knight on e4, or to
transfer the knight from d7 to g6.} (13... Ne4 14. Qc2 f5) (13... Nf8 14. Rac1
Ng6) 14. Qe1 (14. dxc5 {was a more ambitious move} bxc5 15. Qc2 Rac8 (15... e5
16. cxd5 Bxd5 17. b5 {is also a little bit better for White.}) (15... cxb4 16.
axb4 dxc4 17. Qxc4 e5 18. b5 {[%cal Gb2a3] and White seizes the initiative.})
16. b5 {and White is slightly more comfortable.}) 14... dxc4 15. Bxc4 Ne4 {
Black plays solidly, it is clear that he has equalised the game.} (15... Bxf3
16. gxf3 cxd4 17. Bxd4 e5 18. Bb2 e4 19. f4 {and though White's pawn structure
is somewhat corrupted, his bishop pair fully compensates for it.}) 16. Bf1 (16.
dxc5 bxc5 17. b5 Nb6 18. Bf1 Na4 {is harmless for Black.}) 16... cxd4 17. Nxd4
Nd6 (17... Rac8 {is also fine}) 18. Rac1 (18. Nb5 {exchanging knights doesn't
put problems in front of Black.} Nxb5 19. Bxb5 Qg5 20. Bf1 Ne5 {with a good
position for Black.}) 18... Ne5 $6 {inaccurate} (18... Rac8 19. b5 Nc5 {
was stronger, taking the square on c6 under control}) 19. b5 $1 {A strong move,
White frees the square on b4 for the queen, and assures a strong outpost on c6
for the knight.} (19. f4 {was interesting, it seems that White can penetrate
to c6 and get advantage.} Ng4 20. Nc6 Bxc6 21. Rxc6 Nf5 22. Rxd8+ Rxd8 23. e4
Nd4 24. Rc4 {and White seizes the initiative.}) 19... Rac8 20. Qb4 f6 21. Rxc8
Nxc8 22. Rc1 $6 {White should have played with more energy:} (22. Qxe7 Nxe7 23.
Be2 {defending the rook and attacking the pawn on e6} Kf7 (23... Rd6 24. Rc1 {
taking over the c-file}) 24. f4 $1 Nd7 25. f5 $1 {A nice tactical shot.} Nc5 (
25... exf5 26. Bc4+ Kg6 27. Ne6 {and White wins.}) (25... Nxf5 26. Nc6 {
winning material}) 26. fxe6+ Ke8 {and White's advantage is indisputable.})
22... Qd7 23. Qc3 Ne7 {now Black consolidates.} 24. Qb3 (24. Qc7 Kf7 {
defending e6}) 24... Bd5 25. Qa4 Rc8 26. Rd1 Nc4 27. Ba1 Nd6 {Black has fully
equalised, his pieces are well placed and he covers all his weaknesses, White
has already to be careful not to end up in a worse position.} 28. Qb4 $6 (28.
Nf3 {was stronger, making it harder fpr Black to play e6-e5, keeping an equal
position.}) 28... e5 29. Nf3 Rc5 30. Ne1 (30. e4 Be6 $11) 30... Qe6 {Black's
composition in the centre is quite impressive.} 31. f3 Nec8 (31... e4 {led to
unclear results, as White gets central squares for his pieces as well.} 32.
fxe4 Nxe4 33. Nd3 {[%cal Gd3f4,Ga1d4]}) 32. a4 $6 {Here the pawn is weak and
can get under attack of the opponent's bishop.} (32. e4 {was better, and Black
still doesn't have a way to increase his advantage.} Bc4 33. a4 Bxf1 (33... Bb3
34. Rd3) 34. Kxf1 Qc4+ 35. Nd3 {and White holds the position.}) 32... Bb3 33.
Rb1 {Here the opponents agreed to a draw, though it seems that Black is
already clearly better and could have continued the game.} (33. Rb1 Ba2 34. Rd1
(34. Rb2 Rc1) 34... Qb3 $1 {targeting the white pawn on a4.} 35. Qd2 Qxa4 36.
Bxe5 Rxe5 37. Ra1 Qb3 {and Black has some winning chances.}) (33. Rd3 Bc4 34.
Rd1 Bxf1 35. Kxf1 Qa2 {and Black is better.}) 1/2-1/2